LEADER 01062nam a2200241 i 4500 001 000000139764 003 CaOOAMICUS 005 20061026000000.0 008 061026s1929 it u000 u ita u 013 $a113897 040 $aSeMil$bita 100 1 $aErcole, Francesco.$0(OLS)http://semarc/name/36059 245 10$aDal Comune al Principato :$bsaggi sulla storia del diritto pubblico del Rinascimento Italiano /$cFrancesco Ercole. 260 $aFirenze :$bVallecchi,$c1929. 300 $aVII, 381 p. ;$c20 cm. 490 0 $aCollana storica ;$v16. 650 4$aDiritto pubblico - Italia - Rinascimento.$0(OLS)http://semarc/subject/27461 830 0$aCollana storica ;$v16.$0(OLS)http://semarc/title/1100 850 $aSeMil 852 $aSeMil$W1$xVenegono$y1$m3L II 40$j93154$B93154$CSeMilBibl$Z2$F116252 $81 961 $aRecupero: Altro 996 $6245$aDal Comune al Principato :$bsaggi sulla storia del diritto pubblico del Rinascimento Italiano$9(OLS)http://semarc/title/204126 996 $6260$aFirenze :$bVallecchi$9(OLS)http://semarc/publisher/29768 LEADER 00905nam a2200229 i 4500 001 000000066150 003 CaOOAMICUS 005 20130325000000.0 008 130325s1948 it u000 u ita u 013 $a37322 040 $aSeMil$bita 100 1 $aLubac, Henri : de,$c.$0(OLS)http://semarc/name/49 240 10$aCatholicisme : les aspects sociaux du dogme.$0(OLS)http://semarc/title/101264 245 10$aCattolicismo :$bgli aspetti sociali del dogma. 260 $aRoma :$bStudium,$cstampa 1948. 300 $a418 p. ;$c23 cm. 650 4$aDogma.$0(OLS)http://semarc/subject/545 850 $aSeMil 852 $aSeMil$W1$xVenegono$y1$m2M II 32$j256464$B32303$CSeMilBibl$Z2$F32306 $81 961 $aOmaggio: Donazione 996 $6245$aCattolicismo :$bgli aspetti sociali del dogma$9(OLS)http://semarc/title/105131 996 $6260$aRoma :$bStudium$9(OLS)http://semarc/publisher/29617